000
00212nam a2200097Ia 4500
008
190216s9999||||xx |||||||||||||| ||und||
100
_a
C J Thomas
245
0
_a
Avar Veendum Varunnu
260
_b
Null
942
_c
BK
999
_c
24373
_d
24373